| 000 | 00537nam a22002057a 4500 | ||
|---|---|---|---|
| 003 | OSt | ||
| 005 | 20140310184322.0 | ||
| 008 | 131003t xxu||||| |||| 00| 0 eng d | ||
| 020 | _a9780439597777 | ||
| 050 |
_aPZ 7 _b.C179 2003 |
||
| 100 |
_aCamden, Richard. _923623 |
||
| 245 |
_aThe day of the purple cow / _bRichard Camden. |
||
| 260 |
_aNew York, NY : _bScholastic Inc., _c2003. |
||
| 300 |
_a38 p. : _bill. ; _c19 cm. |
||
| 521 | _aG2 | ||
| 526 | _c360 | ||
| 650 |
_aFiction _9746 |
||
| 942 |
_2lcc _cBK-SCHOLAS |
||
| 999 |
_c33604 _d33604 |
||